| 000 | 01057nam0a2200337 4500 | ||
|---|---|---|---|
| 001 | RU\NLR\BIBL_A\012640370 | ||
| 005 | 20250624100129.0 | ||
| 010 |
_a978-5-4491-0927-9 _9100 |
||
| 021 |
_aRU _b2021-43885 _9КН-П-3464 |
||
| 035 | _a(NLR Aleph) 012640370 | ||
| 090 |
_a12693834 _c12693834 |
||
| 100 | _a20211111d2021 |||y0rusy50 ca | ||
| 101 | 0 | _arus | |
| 102 | _aRU | ||
| 105 | _aa|||z|||000zy | ||
| 181 | 0 |
_ai _baxxe |
|
| 182 | 0 | _an | |
| 200 | 1 |
_aТаро. Новое понимание. Доминанты _fА.В. Подгорнов |
|
| 203 |
_aТекст _bвизуальный _cнепосредственный |
||
| 210 |
_aМосква _cDeLibri _d2021 |
||
| 215 |
_a41, [1] с. _cил. _d21 |
||
| 333 | _a16+ | ||
| 517 | 1 | _aНовое понимание. Доминанты | |
| 517 | 1 | _aДоминанты | |
| 606 | 1 |
_aТаро _92073672 _3RU\NLR\AUTH\661248597 |
|
| 686 | 1 | _aЭ391.215 | |
| 700 | 1 |
_aПодгорнов _bА. _gАндрей |
|
| 942 | _cBOOK | ||
| 980 | _aNB | ||